Quel politique français a dit ça ? #1 - Statistiques

Statistiques générales
  • Ce quiz a été pris 2 005 fois
    1 672 depuis la dernière actualisation
  • Le résultat moyen est 11 sur 14
Statistiques - réponses
Citation Homme/Femme politique % Correct
"You can be do what we want to do." François Hollande
95%
"Vous êtes des enfants de bourgeois! Des enfants de bourgeois!" Marine Le Pen
95%
"J'vais t'faire courir moi tu vas voir l'rouquin là-bas hein!... P**é!" Jean-Marie Le Pen
93%
"Non, j'ai pas d'amis." Emmanuel Macron
92%
"Ce soir, je ne suis pas le 1er ministre, et vous n'êtes pas le Président de la République[...]." Jacques Chirac
90%
"Oooh comme c'est bizarre!" Eric Zemmour
88%
"Personne ne me touche, ma personne est sacrée, je suis parlementaire." Jean-Luc Mélenchon
87%
"Mais vous fumez monsieur!" Nicolas Sarkozy
77%
"Je vous ai compris!" Charles de Gaulle
76%
"Au revoir." Valéry Giscard d'Estaing
73%
"Debout!" Valérie Pécresse
71%
"Tu me fais pas les poches!" François Bayrou
62%
"Mais vous avez tout à fait raison monsieur le 1er ministre." François Mitterrand
62%
"Je suis un homme en colère!" Jacques Cheminade
12%
Aucun quiz correspondant
Distribution des résultats
% des personnes avec chaque résultat
Percentile par nombre de réponses
Votre historique - résultats
Vous n’avez pas pris ce quiz depuis la dernière actualisation